Výskyt nebezpečných výrobkov na vnútornom trhu podľa kategórií

Problematika bezpečnosti výrobkov na vnútornom trhu. Výskyt nebezpečných výrobkov na trhu podľa kategórií, ktoré zachytáva systém rýchlej výmeny informácií pre priemyselné výrobky - Rapex.

Gespeichert in:
Bibliographische Detailangaben
1. Verfasser: Košútová, Tatiana, 1962-
Format: Buchkapitel
Sprache:Slowakisch
Schlagworte:
Tags: Tag hinzufügen
Keine Tags, Fügen Sie das erste Tag hinzu!

MARC

LEADER 00000nla a2200000 4500
001 0180316
005 20240502073053.6
041 0 |a slo 
044 |a SK 
245 1 0 |a Výskyt nebezpečných výrobkov na vnútornom trhu podľa kategórií  |c Tatiana Košútová 
520 |a Problematika bezpečnosti výrobkov na vnútornom trhu. Výskyt nebezpečných výrobkov na trhu podľa kategórií, ktoré zachytáva systém rýchlej výmeny informácií pre priemyselné výrobky - Rapex. 
610 2 0 |a výrobky priemyselné 
610 2 0 |a vlastnosti výrobkov úžitkové 
610 2 0 |a kontrola kvality 
610 2 0 |a bezpečnosť výrobkov 
610 2 0 |a trh 
100 1 |a Košútová, Tatiana, 1962-